Top 15 des pays avec les décès de Covid-19 - 1 août - Statistiques

Statistiques générales
  • Ce quiz a été pris 37 fois
  • Le résultat moyen est 12 sur 20
Statistiques - réponses
pays % Correct
Etats-Unis
100%
France
97%
Allemagne
86%
Espagne
86%
Royaume-Uni
81%
Russie
81%
Italie
78%
Brésil
75%
Mexique
75%
Belgique
58%
Inde
56%
Suède
50%
Chili
44%
Pérou
44%
Pays-Bas
39%
Colombie
31%
Irlande
31%
Équateur
22%
Iran
22%
Panama
6%
Aucun quiz correspondant
Distribution des résultats
% des personnes avec chaque résultat
Percentile par nombre de réponses
Votre historique - résultats
Vous n’avez pas pris ce quiz